| 000 | 00779nam a2200253 i 4500 | ||
|---|---|---|---|
| 001 | 66706 | ||
| 003 | ES-MaACL | ||
| 005 | 20251017122033.0 | ||
| 007 | t| | ||
| 008 | 030529s2003 sp ||||0| spa d | ||
| 020 | _a84-339-6997-8 | ||
| 040 |
_aM-BN _bspa _cM-BN |
||
| 080 | _a821.111(73)-31"19" | ||
| 100 | 1 |
_aAuster, Paul, _d1947-2024 _9242380 |
|
| 245 | 1 | 3 |
_aEl libro de las ilusiones / _cPaul Auster ; traducción de Benito Gómez Ibáñez. |
| 260 |
_aBarcelona : _bAnagrama, _c[2003] |
||
| 300 |
_a338 p. ; _c22 cm. |
||
| 490 | 1 |
_aPanorama de narrativas ; _v537 |
|
| 700 | 1 |
_aGómez Ibáñez, Benito. _957986 |
|
| 830 | 0 | 0 |
_aPanorama de narrativas _v537 _9123642 |
| 852 |
_aES-MaACL _jL-27211 _bR.132838 |
||
| 999 |
_c66706 _d66706 |
||